Športová kinantropológia : Terminologický a výkladový slovník

Enregistré dans:
Détails bibliographiques
Auteur principal: Kasa, Július (Auteur)
Format: Livre
Langue:slovaque
Publié: Bratislava : Slovenská vedecká spoločnosť pre telesnú výchovu a šport, 2001
Édition:1. vyd.
Sujets:
Tags: Ajouter un tag
Pas de tags, Soyez le premier à ajouter un tag!

MARC

LEADER 00000nam a22000003a 4500
001 stu78925
005 20150617225643.3
008 030205s2001----xo------------------slo-d
020 |a 80-968252-8-3 
040 |a STU  |b slo 
041 0 |a slo 
044 |a xo 
080 |a 796 
100 1 |a Kasa, Július  |4 aut 
245 1 |a Športová kinantropológia :  |b Terminologický a výkladový slovník 
250 |a 1. vyd. 
260 |a Bratislava :  |b Slovenská vedecká spoločnosť pre telesnú výchovu a šport,  |c 2001 
300 |a 112 s 
650 7 |a výchova telesná  |2 stusub 
650 7 |a Kinantropológia  |2 stusub 
996 |b 284M039001  |c M*11048-1  |l MMKN  |s A  |a 24  |w stu78925_0001